00600nam a2200205 a 4500001001300000003000900013005001700022008004100039020002300080082001700103100002000120245007200140260004400212300000900256500003500265505001000300650002900310650003500339700002000374nice12345678IN_TiNIC20260116013120.0050524s1995 lona grp 000 0 eng  a0701122 c69500a291.211bVAR aVardey, Lucinda aGod in All Worldsb an Anthology of Contemporary Spiritual Writing. aLondonbChatto and Windus Limitedc1995 a877p aincludes index and biblioraphy2 aIndex aComparative Religion-God aComparative Religion-Mysticism1 aVardey, Lucinda